000 00785nam a2200217Ia 4500
003 GCL
008 140319s9999 xx 000 0 ara d
040 _aGCL /
_cGCL
082 0 4 _a025.52
_bا خ
100 1 _aالسيد النشار
245 1 0 _aالخدمة المرجعية فى المكتبات ومراكز المعلومات /
_cالسيد النشار
260 _aالقاهرة :
_bالعربى للنشر والتوزيع ،
_c1992
300 _a126 ص ؛
_c24 سم
490 _aدراسات فى الكتب والمعلومات
_v0
650 0 4 _aالخدمة المكتبية
650 0 4 _aالاجراءات الفنية
650 0 4 _aالارشاد المرجعى
650 0 4 _aمراكز المعلومات
650 0 4 _aالمكتبات
942 _2ddc
_cBK
999 _c58755
_d58755